00740nam a2200217 a 450000100060000000300080000600500170001400800410003103500190007204000350009104100080012608200260013410000280016024500480018826000480023630000250028465100610030994200130037099900170038395201220040041988BD-RJUL20211209053459.0190305q1943 ii 001 0 eng c a(BD-RJUL)42106 aBD-RJULcBD-RJULdBD-RJULbeng aeng 223 a954.03bSEH 19431 aSeth, Hira Lal 922901012aHow democracy works in India /cH. L. Seth. aLahore:bAllied Indian Publishers,c[1943?] a69, [1] p. ;c19 cm aIndia vHistory yBritish occupation, 1765-1947.9229011 2ddccRAR c41988d41988 00102ddc40718RAREaRUCLbRUCLcRared2019-03-05l0oRA 954.03 SEH 1943r2019-03-05 00:00:00tC-1w2019-03-05yRAR